00536nam a2200169Ia 450000500170000000800410001708200150005810000270007324500710010026000350017130000130020665000140021965000170023394200060025095200970025699900130035320250519010227.0240331s9999 xx 000 0 und d a300.3bSAM aDeparment of Education 0aSamaja viddyawa saha manawa vddyawa :bglossary of technical terms aColombobEducation Pressc1993 a154 p ., aSociology aAnthropology cL 001040708LaWERCLbWERCLcSSCd2024-03-31l0o 300.3 SAMp2840r2024-03-31w2024-03-31yL c988d988